Paroles - Tout recommencer - Plk ft Tessa B - Statistiques

Statistiques générales
  • Ce quiz a été pris 327 fois
  • Le résultat moyen est 463 sur 581
Statistiques - réponses
Réponse % Correct
T'
98%
t'
98%
à
97%
m'
97%
J'
95%
j'
95%
c'
94%
C'
94%
d'
94%
l'
94%
s'
94%
tout
94%
on
93%
On
93%
recommencer
92%
amour
91%
de
91%
es
91%
fait
91%
qu'
91%
Que
91%
que
91%
te
91%
la
89%
ai
88%
ce
88%
des
88%
Des
88%
est
88%
me
88%
ça
87%
en
87%
moi
87%
Mon
87%
pas
87%
tes
87%
et
86%
Et
86%
juste
86%
Les
85%
les
85%
un
85%
confiance
84%
fais
84%
tous
84%
Mais
83%
mais
83%
quand
83%
tu
83%
Tu
83%
aime
82%
belle
82%
nuits
82%
par
82%
erreurs
81%
jours
81%
mens
80%
tellement
80%
ces
79%
toutes
79%
arrive
78%
bien
78%
caches
78%
fâchée
78%
qui
78%
tiennes
78%
toi
77%
arrives
76%
mensonges
76%
passé
76%
romancer
76%
comme
75%
apaiserais
74%
immortel
74%
énerve
73%
Laisse-moi
73%
oublie
73%
sur
73%
aimerais
72%
construire
72%
lèvres
72%
réguliers
72%
effacer
71%
nouveau
71%
cassé
70%
censuré
70%
Recoller
70%
ouais
69%
Ouais
69%
paroles
69%
plus
69%
pour
69%
du
68%
lis
68%
fais-moi
67%
même
67%
pourrais
67%
est-c'
66%
si
65%
dangereux
64%
faire
64%
fait-on
64%
sais
64%
heures
63%
comment
62%
exploser
62%
intérieur
62%
magie
62%
mat'
62%
mes
62%
repense
62%
il
61%
monde
61%
sens
61%
Trois
61%
cité
60%
laisses
60%
noire
60%
sans
60%
Corée
59%
fête
59%
haine
59%
pression
59%
main
58%
Syrien
58%
tête
58%
tiens
58%
trop
58%
abandonné
57%
compliqué
57%
grandi
57%
mamie
57%
regards
57%
doutes
56%
étais
56%
missions
56%
piqué
56%
avec
55%
deviennent
55%
aimes
54%
au
54%
divisés
54%
entier
54%
honte
54%
pars
54%
être
53%
loin
53%
'fin
52%
chercher
51%
familles
51%
plein
51%
appartiennes
50%
allait
49%
obligé
49%
rétrograder
49%
sait
49%
unies
49%
viens
49%
crois
48%
force
48%
garage
48%
regardes
48%
après
47%
deux
47%
grave
47%
hein
47%
nous
47%
venais
47%
avant
46%
différents
46%
paumé
46%
perd
46%
souvenirs
46%
verres
44%
connaissais
43%
oppose
43%
traces
43%
très
42%
épaules
41%
gradé
41%
monde-là
37%
Hey
32%
Oui
29%
Aucun quiz correspondant
Distribution des résultats
% des personnes avec chaque résultat
Percentile par nombre de réponses
Votre historique - résultats
Vous n’avez pas pris ce quiz